FIX YOUR TEAM THE TOOLS YOU NEED TO REBU (Record no. 32225)

MARC details
000 -LEADER
fixed length control field 00344nam a2200133Ia 4500
008 - FIXED-LENGTH DATA ELEMENTS--GENERAL INFORMATION
fixed length control field 240624s9999 xx 000 0 und d
041 ## - LANGUAGE CODE
Language code of text/sound track or separate title eng
082 ## - DEWEY DECIMAL CLASSIFICATION NUMBER
Classification number 658.4022 SMI
100 ## - MAIN ENTRY--PERSONAL NAME
Personal name BRYANT SMITH ROSE
245 ## - TITLE STATEMENT
Title FIX YOUR TEAM THE TOOLS YOU NEED TO REBU
260 ## - PUBLICATION, DISTRIBUTION, ETC.
Date of publication, distribution, etc. 2018
Place of publication, distribution, etc. Australia
Name of publisher, distributor, etc. Wiley
300 ## - PHYSICAL DESCRIPTION
Extent xx, 273 p.; 23 cm.
365 ## - TRADE PRICE
Currency code
Price amount 33
Holdings
Withdrawn status Lost status Damaged status Not for loan Home library Current library Shelving location Date acquired Full call number Barcode Date last seen Copy number Price effective from Koha item type
        IMTN IMTN Rack 26-B 07/02/2020 658.4022 SMI 32225 06/24/2024 75 06/24/2024 Books
Designed & Maintained by: LRC IMT Nagpur Contact: lrc@imtnag.ac.in© 2024. All Rights Reserved.